Central Library OPAC University of Rajshahi

Wordsworth : a philosophical approach / (Record no. 77545)

MARC details
000 -LEADER
fixed length control field 00596nam a22002051a 4500
001 - CONTROL NUMBER
control field 77545
003 - CONTROL NUMBER IDENTIFIER
rucl marc code BD-RjUL
005 - DATE AND TIME OF LATEST TRANSACTION
control field 20211209083001.0
008 - FIXED-LENGTH DATA ELEMENTS--GENERAL INFORMATION
fixed length control field 201119s19681950enk 001 0 eng d
040 ## - CATALOGING SOURCE
Original cataloging agency BD-RjUL
Language of cataloging eng
Transcribing agency BD-RjUL
041 ## - LANGUAGE CODE
Language code of text/sound track or separate title eng
082 ## - DEWEY DECIMAL CLASSIFICATION NUMBER
Classification number 821.7
Edition number 23
Author mark and year RAW 1968
100 1# - MAIN ENTRY--PERSONAL NAME
Personal name Rader, Melvin
9 (RLIN) 242026
245 10 - TITLE STATEMENT
Title Wordsworth : a philosophical approach /
Statement of responsibility, etc. Melvin Rader
260 ## - PUBLICATION, DISTRIBUTION, ETC. (IMPRINT)
Place of publication, distribution, etc. Oxford :
Name of publisher, distributor, etc. Clarendon Press,
Date of publication, distribution, etc. c1967 [1968]
300 ## - PHYSICAL DESCRIPTION
Pagination x, 217 p. ;
Size 18 cm.
500 ## - GENERAL NOTE
General note Includes index
600 ## - SUBJECT ADDED ENTRY--PERSONAL NAME
Personal name Wordsworth, William
Dates associated with a name 1770-1850 -- Philosophy.
942 ## - ADDED ENTRY ELEMENTS (KOHA)
Source of classification or shelving scheme Dewey Decimal Classification
Koha item type Books
Holdings
Lost status Source of classification or shelving scheme Damaged status Not for loan Collection code Permanent Location Current Location Shelving location Date acquired Source of acquisition Cost, normal purchase price Total Checkouts Full call number Date last seen Copy number Koha item type
  Dewey Decimal Classification   Not For Loan Non-fiction Central Library, University of Rajshahi Central Library, University of Rajshahi Reading Room 03/03/1970 Zertlinger 38.00   821.7 RAW 1968 19/11/2020 C-1 Books